| 000 | 00430nam a2200169Ia 4500 | ||
|---|---|---|---|
| 003 | GCL | ||
| 008 | 140319s9999 xx 000 0 aRus d | ||
| 040 |
_aGCL / _cGCL |
||
| 082 | 0 | 4 |
_a754 _bB G |
| 100 | 1 | _aBOZAL, VALERIANO | |
| 245 | 1 | 0 |
_aGOYA YEL GUSTO MODERNO / _cBOZAL, VALERIANO |
| 260 |
_a[S.N] : _bALIANZA EDITORIAL ، _c1994 |
||
| 650 | 0 | 4 | _aGOYA |
| 650 | 0 | 4 | _aMODERN ART |
| 650 | 0 | 4 | _aSPAIN - PAINTERS |
| 942 |
_2ddc _cBK |
||
| 999 |
_c13347 _d13347 |
||